00744nam a22002537a 45000010005000000030009000050050017000140070005000310080034000360200015000700400022000850920015001071000023001222450059001452600036002043000024002404900031002648300031002959100008003269420012003349520109003469560020004559990015004750170DO-SdBNP20160314140750.00170151005b 200 2001 xxu 00| 0 spa d a043921727X aBPMSUbspacBPMSU aXXXXbXXXX1 aWilliams, Laura E.14aThe mystery of the bad luck curse /cLaura E. Williams aNew York :bScholastic, c2001. a113 p :bil.c20cm.1 aMystic lighhouse mysteries 0aMystic lighhouse mysteries a144 2ddccBK 00102ddc40708EXTaBPMETbBPMETd2016-03-14eDonaciónl0pBPMET16030095r2016-03-14w2016-03-14yBK aYngrid Lockward c9223d9223